• 首页
  • 本馆介绍
  • 公告通知
  • 最新文献
  • 馆藏检索
  • 电子资源
  • 读者导购
  • 参考咨询
  • 我的图书馆
  • 登录
  • 详细信息显示
  • 放入我的书架
  • 预约/预借图书
  • 作者相关作品
  • 分类相关作品
  • 丛书相关作品
  • 出版社相关作品

书目信息

  • 表格格式
  • 工作单格式
  • 卡片格式
题名:
相近易混法律词语新解
    
 
作者: 孙膺杰 主编
分册:  
出版信息: 北京   群众出版社  30195
页数: 191页
开本: 19cm
丛书名:
单 册:
中图分类: DF082
科图分类:
主题词: 政治
电子资源:
ISBN:
000 00522nam0 2200181 450
001 0728815141
005 20070819080015.14
010    @d¥0.53
100    @a20070819d km y0chiy0120 ea
101 0  @achi
200 1  @a相近易混法律词语新解@Axiang jin yi hun fa lu ci yu xin jie@f孙膺杰等主编@Fsun ying jie deng zhu bian
210    @a北京@c群众出版社@d30195
215    @a191页@d19cm
606 0  @a政治
690    @aDF082@v3
701  0 @a孙膺杰@Asun ying jie@4主编
801  0 @aCN@bPFT@c20070819
905    @a213230@dDF082@eZW94@f1
    
    相近易混法律词语新解/孙膺杰等主编.-北京:群众出版社,30195
    191页;19cm
    
    
    ISBN :¥0.53
    
●
相关链接 在E读中查询图书 在五车中查询图书 在当当中查询图书 在豆瓣中查询图书


正题名:相近易混法律词语新解     索取号:DF082/ZW94         预约/预借

序号 登录号 条形码 馆藏地/架位号 状态 备注
1 7601461   276014616   密集书库-文学院/ [索取号:DF082/ZW94] 在馆    
2 7601462   276014625   密集书库-文学院/ [索取号:DF082/ZW94] 在馆    
3 7601463   276014634   密集书库-文学院/ [索取号:DF082/ZW94] 在馆    
4 7601464   276014643   密集书库-文学院/ [索取号:DF082/ZW94] 在馆    
唐山师范学院图书馆 欢迎您!
大连网信软件有限公司© 版权所有